Educación polimodal... lengua /

Guardado en:
Formato: Libro
Publicado: Buenos Aires : Direcci¢n General de Investigaci¢n y Desarrollo, 1995
Materias:
Etiquetas: Agregar Etiqueta
Sin Etiquetas, Sea el primero en etiquetar este registro!
LEADER 00560nam a22001815a 4500
001 CEM.cems009111
005 20060214000000.0
008 130507s1995##################000#0#####d
003 CEMS
082 0 4 |a F370 
245 0 0 |a Educación polimodal... lengua / 
260 |a Buenos Aires :  |b Direcci¢n General de Investigaci¢n y Desarrollo,  |c 1995 
300 |a 20 p. 
653 |a Contenidos basicos de orientac 
653 |a Educacion 
653 |a Educacion polimodal 
653 |a Formacion general de fundament 
859 |a CEMS  |b BIB. CEMS - 11 de abril  |h F370  |i 74  |p 1395.44  |t Ej.1